ColinMapping Planetballs S2 as of part 100 - Statistics

General Stats
  • This quiz has been taken 34 times
  • The average score is 70 of 128
Answer Stats
Hint Answer % Correct
Planet Earth
95%
Planet Green
95%
Moon Luna II
95%
Planet Pluto
95%
Planet Purple
95%
Planet Saturn
95%
Planet Venus
95%
Planet Greeney
89%
Moon Greeney Jr.
89%
Planet Jupiter
89%
Planet Mercury
89%
Planet Neptune
89%
Planet Orange
89%
Star Sun II
89%
Moon Titan
89%
Planet Uranus
89%
Planet Yellow
89%
Planet Blue
84%
Dwarf Planet Haumea
84%
Dwarf Planet Makemake
84%
Planet Mars
84%
Planet Red
84%
Planet White
84%
Moon Bloopy
79%
Planet Brown
79%
Moon Callisto
79%
Moon Ganymede
79%
Planet Gray
79%
Planet Light Blue
79%
Planet Purpley
79%
Moon Purplittle
79%
Planet Eris
74%
Moon Europa
74%
Moon Floopy
74%
Planet Gold
74%
Planet Lime
74%
Planet Scarlet
74%
Planet Pink
68%
Moon Triton
68%
Moon Deimos
63%
Moon Gummy
63%
Moon Io
63%
Planet Otheria
63%
Moon Phobos
63%
Planet Rectangula
63%
Planet Violet
63%
Planet Black
58%
Planet Bruisia
58%
Dwarf Planet Ceres
58%
Planet Differentia
58%
Moon Enceladus
58%
Planet Fifth Giant
58%
Planet Lavender
58%
Planet Metadexium
58%
Moon Mimas
58%
Moon Minidexium
58%
Planet Neon Blue
58%
Planet Neon Orange
58%
Planet Neon Pink
58%
Planet Neon Purple
58%
Planet Neon Yellow
58%
Planet Neptune II
58%
Planet Oortia
58%
Moon Titania
58%
Planet Yellow-Orange
58%
Planet Blueveia
53%
Planet Bronze
53%
Moon Charon
53%
Planet Cyan
53%
Planet Gemonia
53%
Moon Lefturn
53%
Planet Maroon
53%
Moon Miniveia
53%
Planet Multiringia
53%
Planet Neon Green
53%
Moon Oberon
53%
Planet Silver
53%
Planet Alien Planet
47%
Moon Ariel
47%
Moon Dione
47%
Moon Joviana
47%
Moon Lavalakia
47%
Planet Magenta
47%
Moon Miranda
47%
Moon Rhea
47%
Moon Tethys
47%
Planet Aqua
42%
Star Azuria
42%
Planet Lavender Planet
42%
Planet Meymeda
42%
Planet Neon Cyan
42%
Moon Riturn
42%
Planet Sea Green
42%
Planet Teal
42%
Moon Triton II
42%
Moon Anotheria
37%
Planet Beige
37%
Moon Dysnomia
37%
Planet Eartheria
37%
Planet Fuchsia
37%
Moon Iapetus
37%
Planet Pyramid Planet
37%
Planet Turquoise
37%
Moon Umbriel
37%
Planet Cuboidia
32%
Planet Gisium
32%
Moon MK2
32%
Planet Puanti
32%
Moon Hiʻiaka
26%
Planet Indigo Blue
26%
Planet Indigo Purple
26%
Moon Minitangula
26%
Moon Jupitinia
21%
Moon Neptunimon
21%
Moon Acaltivat
16%
Moon Dissimilaria
16%
Moon Gonietopia
16%
Moon Little Neptune
16%
Planet Reedium
16%
Moon Uranimon
16%
Moon Venia
16%
Planet Gongizhka
11%
Moon Swipia
11%
Planet Tānium
11%
Moon UNAM
11%
Moon Urania
11%
Moon Gisseopolis
5%
Planet Scofield-B33
5%
No matching quizzes found
Score Distribution
Percent of People with Each Score
Percentile by Number Answered
Your Score History
You have not taken this quiz